Countries by Age of Oldest Resident Ever - Statistics

General Stats
  • This quiz has been taken 896 times
    266 since last reset
  • The average score is 12 of 17
Answer Stats
Oldest Country % Correct
119 United States
98%
122 France
96%
119 Japan
96%
115 United Kingdom
94%
117 Italy
93%
117 Spain
91%
117 Canada
88%
115 Portugal
80%
116 Brazil
79%
115 Netherlands
70%
115 Argentina
66%
116 Poland
66%
114 Colombia
52%
114 Peru
51%
114 Venezuela
45%
116 Ecuador
40%
117 Jamaica
19%
No matching quizzes found
Score Distribution
Percent of People with Each Score
Percentile by Number Answered
Your Score History
You have not taken this quiz since the last reset